| 000 | 00526nam a2200169 i 4500 | ||
|---|---|---|---|
| 001 | 81561 | ||
| 003 | ES-MaACL | ||
| 005 | 20230906174449.0 | ||
| 007 | t| | ||
| 008 | 041105s1917 cu ||||1| spa d | ||
| 100 | 1 |
_aHuguet y López, Luis. _964655 |
|
| 245 | 1 | 0 |
_aBreves apuntes sobre el Dr. Antonio de Gordon y de Acosta / _cLuis Huguet y López. |
| 260 |
_aLa Habana : _b[s.n.], _c1917 ( _fImp. El Siglo XX) |
||
| 300 |
_a7 p. ; _c26 cm. |
||
| 600 | 1 | 4 |
_aGordon y de Acosta, Antonio de. _9127475 |
| 852 |
_aES-MaACL _j1540-F-5 |
||
| 999 |
_c81561 _d81561 |
||